01262nam a22002057a 4500003000400000082001700004100001700021245017800038260004500216300000900261650001800270942001200288952014800300952014800448952011200596952011200708952011200820952010700932999001701039SGT a617.64bC10S aSUMEET, SONI aCOMPARATIVE EVALUATION OF ORTHODONTIC TOOTH BRUSH AND WATER JET DEVICE IN THE REDUCTION OF DENTAL PLAQUE AND GINGIVAL BLEEDING IN PATIENTS WITH FIXED ORTHODONTIC APPLIANCES  aDELHI NCRbSGT UNIVERSITY GURUGRAMc2010 a1-92 aORTHODONTICS  2ddccTH 00102ddc4070aFDbFDcREFd2019-03-27ePERFECT BOOK BINDING HOUSE NEW DELHIiSGTUl0o617.64 C10SpDT42r2019-03-27 00:00:00w2019-03-27yTH 00102ddc4070aFDbFDcREFd2019-04-04ePERFECT BOOK BINDING HOUSE NEW DELHIiSGTUl0o617.64 C10SpDT25r2019-04-04 00:00:00w2019-04-04yTH 00102ddc4070aFDbFDcREFd2021-05-13iSGTUl0o617.64 C10SpDT1237r2021-05-13 00:00:00w2021-05-13yTH 00102ddc4070aFDbFDcREFd2021-05-13iSGTUl0o617.64 C10SpDT1239r2021-05-13 00:00:00w2021-05-13yTH 00102ddc4070aFDbFDcREFd2021-05-13iSGTUl0o617.64 C10SpDT1238r2021-05-13 00:00:00w2021-05-13yTH 00102ddc4070aFDbFDcREFd2021-05-13iSGTUo617.64 C10SpDT60r2026-01-21 00:00:00w2026-01-21yTH c17212d17212